000 00580nam a2200229Ia 4500
008 160216s9999 xx 000 0 und d
020 _a978-0-470-24845-4
050 _aCUL TX 950.7
050 _b.K38 2012
100 _aKatsigris, Costas
245 4 _aThe Bar and beverage book /
245 _cCostas Katsigris, Chris Thomas.
250 _a5th Edition
260 _aNew Jersey :
260 _bJohn Wiley and Sons, Inc.,
260 _c2012
300 _a722 pages :
300 _bIll. ;
300 _c24 cm.
500 _aIncludes index.
650 _aBartending.
999 _c290844
_d290844